[Event "V Corsicoscacchi"]
[Site "Corsico ITA"]
[Date "1992.10.??"]
[Round "3"]
[White "Quagliarella, Sabino Remo"]
[Black "Marino, Marco"]
[WhiteElo "1868"]
[BlackElo "1779"]
[Result "1-0"]
[PlyCount "107"]
[EventDate "1992.10.10"]

1. e4 e5 2. Nf3 Nf6 3. Bc4 Nxe4 4. Qe2 Nd6 5. Bb3 Be7 6. Nxe5 Nc6 7. Nxc6 dxc6
8. O-O O-O 9. d3 Re8 10. Qf3 Bf6 11. Nc3 Be6 12. Bxe6 Rxe6 13. Bd2 Qe7 14. Rae1
Re8 15. Rxe6 Qxe6 16. g3 Bxc3 17. Bxc3 Qe2 18. Qf4 Nb5 19. Bd2 Qh5 20. Be3 c5
21. Qc4 Nd4 22. Bxd4 cxd4 23. Qxd4 Qe5 24. Qxe5 Rxe5 25. Rc1 g5 26. Kf1 g4 27.
Re1 Rc5 28. c3 Rd5 29. d4 c5 30. dxc5 Rxc5 31. Re4 h5 32. Ke2 b5 33. f4 f6 34.
Kd3 Kf7 35. Rd4 Ke6 36. a4 a5 37. b4 axb4 38. cxb4 Rf5 39. a5 h4 40. Rd8 hxg3
41. hxg3 Rh5 42. a6 Rh7 43. Rb8 Ra7 44. Rb6+ Kd5 45. Rxb5+ Kc6 46. Rf5 Rd7+ 47.
Kc4 Rd6 48. a7 Kb7 49. Ra5 Ka8 50. b5 Re6 51. Kc5 f5 52. Ra3 Rc6+ 53. Kb4 Re6
54. Kc5 1-0

[Event "V Corsicoscacchi"]
[Site "Corsico ITA"]
[Date "1992.10.??"]
[Round "3"]
[White "Rizzuti, Pasquale"]
[Black "Morando, Enrico"]
[WhiteElo "1714"]
[BlackElo "1800"]
[Result "0-1"]
[PlyCount "92"]
[EventDate "1992.10.10"]

1. e4 e5 2. Nf3 Nc6 3. Bb5 a6 4. Ba4 Nf6 5. O-O Be7 6. Re1 b5 7. Bb3 O-O 8. a4
b4 9. h3 d6 10. a5 Nb8 11. d4 exd4 12. Nxd4 Bb7 13. Qd3 Nbd7 14. f3 Nc5 15. Qc4
Nxb3 16. Qxb3 c5 17. Nf5 Nh5 18. Be3 Bg5 19. Nd2 Bxe3+ 20. Qxe3 g6 21. Qh6 Qf6
22. g4 gxf5 23. Qxh5 Qd4+ 24. Kh1 Qxd2 25. gxf5 f6 26. Rg1+ Kh8 27. Rg6 Rg8 28.
Rag1 Bc6 29. Qh4 Qd4 30. Qh6 Bxe4 31. fxe4 Qxe4+ 32. Kh2 Qxf5 33. Rg7 Rae8 34.
Rxg8+ Rxg8 35. Rxg8+ Kxg8 36. Qd2 Kf7 37. c3 b3 38. Qh6 Qc2+ 39. Kh1 Qb1+ 40.
Kh2 Qxb2+ 41. Kg3 Qxc3+ 42. Kh4 Qd3 43. Qh5+ Qg6 44. Qd5+ Kg7 45. Qg8+ Kh6 46.
Qxh7+ Qxh7 0-1

[Event "V Corsicoscacchi"]
[Site "Corsico ITA"]
[Date "1992.10.??"]
[Round "3"]
[White "Silingardi, Pompeo"]
[Black "Leoni, Fabrizio"]
[WhiteElo "1815"]
[BlackElo "1812"]
[Result "1/2-1/2"]
[PlyCount "39"]
[EventDate "1992.10.10"]

1. e4 d6 2. d4 Nf6 3. Nc3 g6 4. h3 Bg7 5. Nf3 c6 6. a4 O-O 7. Be3 Qc7 8. Bc4 d5
9. Bd3 dxe4 10. Nxe4 Nxe4 11. Bxe4 Nd7 12. Qd2 Nf6 13. Bd3 Nd5 14. Bh6 a5 15.
c3 Bd7 16. O-O c5 17. Bxg7 Kxg7 18. Bc4 Nb6 19. Bb3 cxd4 20. Qxd4+ 1/2-1/2

[Event "V Corsicoscacchi"]
[Site "Corsico ITA"]
[Date "1992.10.??"]
[Round "3"]
[White "Troiani, Mauro"]
[Black "Larghi, Riccardo"]
[WhiteElo "1830"]
[BlackElo "1986"]
[Result "0-1"]
[PlyCount "72"]
[EventDate "1992.10.10"]

1. d4 Nf6 2. c4 e6 3. Nf3 c5 4. d5 exd5 5. cxd5 d6 6. Nc3 g6 7. g3 Bg7 8. Bg2
O-O 9. O-O Nbd7 10. Nd2 a6 11. a4 Rb8 12. a5 b5 13. axb6 Nxb6 14. e4 Ng4 15. h3
Ne5 16. Na4 Nxa4 17. Rxa4 Bd7 18. Ra3 Bb5 19. Re1 Nd3 20. Rxd3 Bxd3 21. b3 Bb5
22. Nf3 a5 23. Bf4 Rc8 24. h4 Re8 25. Bh3 Bd7 26. Bg2 Bg4 27. Qd2 Bxf3 28. Bxf3
c4 29. bxc4 Rxc4 30. Qa2 Rb4 31. Re2 Rb8 32. Rc2 Be5 33. Bh6 Qb6 34. Qc4 Qb4
35. Qc6 a4 36. Bd2 Qb3 0-1

[Event "V Corsicoscacchi"]
[Site "Corsico ITA"]
[Date "1992.10.??"]
[Round "4"]
[White "Astengo, Marcello"]
[Black "Marelli, Mauro"]
[WhiteElo "1923"]
[BlackElo "1950"]
[Result "1/2-1/2"]
[PlyCount "48"]
[EventDate "1992.10.10"]

1. d4 Nf6 2. c4 e6 3. Nc3 d5 4. Bg5 Nbd7 5. e3 c6 6. Nf3 Qa5 7. Bxf6 Nxf6 8. c5
Ne4 9. Qc2 g6 10. a3 Nxc3 11. b4 Qc7 12. Qxc3 Bg7 13. Bd3 O-O 14. h4 Re8 15. h5
e5 16. dxe5 Bxe5 17. Nxe5 Qxe5 18. Qxe5 Rxe5 19. hxg6 hxg6 20. Kd2 Bd7 21. Rh4
Kg7 22. Rah1 Rg8 23. Kc3 Bf5 24. Bxf5 Rxf5 1/2-1/2

[Event "V Corsicoscacchi"]
[Site "Corsico ITA"]
[Date "1992.10.??"]
[Round "4"]
[White "Castoldi, Bruno"]
[Black "Rizzuti, Pasquale"]
[WhiteElo "1776"]
[BlackElo "1714"]
[Result "0-1"]
[PlyCount "66"]
[EventDate "1992.10.10"]

1. e4 c5 2. Nf3 d6 3. d4 cxd4 4. Nxd4 Nf6 5. Nc3 a6 6. g3 e6 7. Bg2 Be7 8. O-O
O-O 9. Be3 Nbd7 10. Qe2 Qc7 11. Nb3 Rb8 12. a4 b6 13. Rfd1 Bb7 14. f3 Rfd8 15.
Rd4 Rbc8 16. Rc1 Nc5 17. Nd2 e5 18. Rc4 a5 19. Bh3 Ra8 20. Nb3 Ba6 21. Nb5 Qc6
22. Rc3 d5 23. Bxc5 Bxc5+ 24. Nxc5 d4 25. Rb3 Qxc5 26. Kh1 Ne8 27. Bf1 Nd6 28.
Qf2 Nxb5 29. Bxb5 Bxb5 30. Rxb5 Qc4 31. Rxe5 Qxa4 32. Qe2 Rac8 33. Rb5 d3 0-1

[Event "V Corsicoscacchi"]
[Site "Corsico ITA"]
[Date "1992.10.??"]
[Round "4"]
[White "De Francisci, Lorenzo"]
[Black "Larghi, Riccardo"]
[WhiteElo "1764"]
[BlackElo "1986"]
[Result "0-1"]
[PlyCount "52"]
[EventDate "1992.10.10"]

1. e4 e5 2. Nf3 Nc6 3. Bc4 Nf6 4. Ng5 d5 5. exd5 Na5 6. Bb5+ c6 7. dxc6 bxc6 8.
Bd3 h6 9. Ne4 Nxe4 10. Bxe4 Be7 11. d3 O-O 12. Qf3 f5 13. Bxc6 e4 14. dxe4 Nxc6
15. e5 Qa5+ 16. Nc3 Qxe5+ 17. Be3 Bb7 18. O-O-O Na5 19. Qh5 Bc6 20. Bd4 Qf4+
21. Kb1 Nc4 22. Qe2 Nxb2 23. Kxb2 Rab8+ 24. Ka1 Ba3 25. Qc4+ Kh7 26. Nb1 Bb2+
0-1

[Event "V Corsicoscacchi"]
[Site "Corsico ITA"]
[Date "1992.10.??"]
[Round "4"]
[White "Gasperoni, Stefano"]
[Black "Landais, Federico"]
[WhiteElo "1875"]
[BlackElo "1899"]
[Result "1-0"]
[PlyCount "81"]
[EventDate "1992.10.10"]

1. e4 c6 2. d4 d5 3. Nc3 dxe4 4. Nxe4 Bf5 5. Ng3 Bg6 6. h4 h6 7. Nf3 Nd7 8. h5
Bh7 9. Bd3 Bxd3 10. Qxd3 Qc7 11. Bd2 e6 12. O-O-O Ngf6 13. Ne4 O-O-O 14. g3
Nxe4 15. Qxe4 Bd6 16. Kb1 Rhe8 17. Rhe1 Nf6 18. Qe2 Nxh5 19. Ne5 Nf6 20. c4 c5
21. dxc5 Bxe5 22. Qxe5 Qxe5 23. Rxe5 Nd7 24. Rh5 g6 25. Rxh6 Ne5 26. Kc2 Ng4
27. Rh4 Nxf2 28. Rf1 Nd3 29. Rxf7 Nxc5 30. Rhh7 Rd7 31. Rxd7 Nxd7 32. Rg7 a6
33. Rxg6 Ne5 34. Rg5 Nf3 35. Rg7 Rh8 36. Ba5 Rh5 37. Bb6 Rh6 38. Rc7+ Kb8 39.
Rf7 Rh2+ 40. Kc3 Ng5 41. Rf8# 1-0

[Event "V Corsicoscacchi"]
[Site "Corsico ITA"]
[Date "1992.10.??"]
[Round "4"]
[White "Lanzani, Giuliano"]
[Black "Luciani, Valerio"]
[WhiteElo "1770"]
[BlackElo "1905"]
[Result "1/2-1/2"]
[PlyCount "48"]
[EventDate "1992.10.10"]

1. e4 e6 2. d4 d5 3. Nc3 Bb4 4. e5 c5 5. a3 Bxc3+ 6. bxc3 Ne7 7. Qg4 Kf8 8. Bd3
Qa5 9. Bd2 Qa4 10. Nf3 c4 11. Be2 Qxc2 12. Rc1 Qf5 13. Qg3 Qg6 14. Qh3 Qf5 15.
Qg3 h6 16. h4 Bd7 17. h5 Ba4 18. Rh4 Qh7 19. Rf4 Nbc6 20. Qh3 Ke8 21. g4 g5 22.
hxg6 Nxg6 23. Rf6 Nce7 24. Nh4 Kd7 1/2-1/2

[Event "V Corsicoscacchi"]
[Site "Corsico ITA"]
[Date "1992.10.??"]
[Round "4"]
[White "Leoni, Fabrizio"]
[Black "Pace, Roberto"]
[WhiteElo "1812"]
[BlackElo "1830"]
[Result "1-0"]
[PlyCount "96"]
[EventDate "1992.10.10"]

1. d4 Nf6 2. Nf3 b6 3. Bf4 Bb7 4. e3 e6 5. Nbd2 g6 6. Be2 Bg7 7. c3 O-O 8. h3
d6 9. O-O Nbd7 10. a4 Qe7 11. a5 Rac8 12. Nc4 Ba8 13. axb6 axb6 14. Ra7 Ne4 15.
Qa4 e5 16. Bh2 Ng5 17. Nxg5 Qxg5 18. Rxa8 b5 19. Qxb5 Rxa8 20. Qxd7 exd4 21.
cxd4 c5 22. Nxd6 Rad8 23. Qg4 Qxg4 24. hxg4 cxd4 25. exd4 Bxd4 26. b3 Ra8 27.
Bc4 Bc5 28. Bg3 Kg7 29. Re1 Ra7 30. Ne8+ Kh6 31. Bf4+ g5 32. Bg3 Bb4 33. Re2
Ra1+ 34. Kh2 Re1 35. Rxe1 Bxe1 36. Nd6 Kg7 37. Be5+ f6 38. Nf5+ Kg6 39. Bd6 Rh8
40. Kg1 h5 41. Ne7+ Kg7 42. gxh5 Rxh5 43. b4 g4 44. g3 Rh8 45. b5 Ba5 46. Be2
Kf7 47. Bxg4 Rh7 48. Nd5 Ke8 1-0

[Event "V Corsicoscacchi"]
[Site "Corsico ITA"]
[Date "1992.10.??"]
[Round "4"]
[White "Marino, Marco"]
[Black "Griffa, Roberto"]
[WhiteElo "1779"]
[BlackElo "1857"]
[Result "0-1"]
[PlyCount "64"]
[EventDate "1992.10.10"]

1. e4 c5 2. Nf3 Nc6 3. d4 cxd4 4. Nxd4 Nf6 5. Nc3 e5 6. Ndb5 d6 7. Nd5 Nxd5 8.
exd5 Ne7 9. c3 Nf5 10. Qa4 Bd7 11. Qb4 a6 12. Na3 Qc7 13. Bd3 Be7 14. O-O O-O
15. Qe4 g6 16. Re1 Ng7 17. Bh6 f5 18. Qc4 Rac8 19. Qb3 Rf7 20. Be3 b5 21. f3
Bh4 22. Re2 f4 23. Bd2 Bf5 24. Bxf5 Nxf5 25. Qd1 Kh8 26. Be1 Qa7+ 27. Bf2 Bxf2+
28. Rxf2 Ne3 29. Qd3 Rc5 30. Kh1 Rxd5 31. Qe4 Rd1+ 32. Rxd1 Nxd1 0-1

[Event "V Corsicoscacchi"]
[Site "Corsico ITA"]
[Date "1992.10.??"]
[Round "4"]
[White "Milanesi, Bruno"]
[Black "Castiglioni, Giancarlo"]
[WhiteElo "1917"]
[BlackElo "2067"]
[Result "1/2-1/2"]
[PlyCount "43"]
[EventDate "1992.10.10"]

1. d4 d5 2. c4 c6 3. Nc3 dxc4 4. a4 e5 5. e3 exd4 6. exd4 Be6 7. Nf3 Bb4 8. Ne5
b5 9. axb5 cxb5 10. Be2 Nf6 11. O-O Bxc3 12. bxc3 O-O 13. Bg5 Bd5 14. Bf3 Qd6
15. Bxf6 gxf6 16. Bxd5 Qxd5 17. Qg4+ Kh8 18. Qf4 Kg7 19. Qg4+ Kh8 20. Qf4 fxe5
21. Qf6+ Kg8 22. Qg5+ 1/2-1/2

[Event "V Corsicoscacchi"]
[Site "Corsico ITA"]
[Date "1992.10.??"]
[Round "4"]
[White "Morando, Enrico"]
[Black "Cividali, Emilio"]
[WhiteElo "1800"]
[BlackElo "1800"]
[Result "0-1"]
[PlyCount "44"]
[EventDate "1992.10.10"]

1. e4 c5 2. Nf3 e6 3. d4 cxd4 4. Nxd4 Nf6 5. Nc3 d6 6. Be2 a6 7. Be3 Be7 8. O-O
O-O 9. f4 Qc7 10. Qe1 Nc6 11. Qg3 Bd7 12. Nb3 Rac8 13. Rad1 b5 14. a3 b4 15.
axb4 Nxb4 16. Nd4 Qb8 17. f5 Kh8 18. fxe6 fxe6 19. Bg4 Nxc2 20. Bxe6 Rxc3 21.
bxc3 Nxd4 22. Bxd7 Ne2+ 0-1

[Event "V Corsicoscacchi"]
[Site "Corsico ITA"]
[Date "1992.10.??"]
[Round "4"]
[White "Poletto, Daniele"]
[Black "Giani, Franco"]
[WhiteElo "1863"]
[BlackElo "1848"]
[Result "0-1"]
[PlyCount "114"]
[EventDate "1992.10.10"]

1. g3 e5 2. c4 c6 3. Bg2 Nf6 4. Nc3 Be7 5. e4 d6 6. Nge2 O-O 7. O-O Be6 8. b3
Qd7 9. d4 Bh3 10. dxe5 Bxg2 11. exf6 Bxf1 12. fxe7 Qxe7 13. Qxf1 Nd7 14. f4
Rae8 15. Ba3 c5 16. Re1 b6 17. Nc1 Qf6 18. Qd3 Qg6 19. e5 Qxd3 20. Nxd3 dxe5
21. Nxe5 Nxe5 22. fxe5 Re6 23. Bb2 f6 24. Nd5 fxe5 25. Rxe5 Rxe5 26. Bxe5 Re8
27. Bc3 Re2 28. a3 Ra2 29. a4 Ra3 30. b4 cxb4 31. Bxb4 Rxa4 32. c5 bxc5 33.
Bxc5 Ra5 34. Bxa7 Rxd5 35. Kg2 Kf7 36. h3 g6 37. Bf2 Ke6 38. g4 Rd3 39. Bg3 Kd5
40. h4 Ke4 41. Kh3 Rd1 42. Kg2 Rd2+ 43. Kh3 Kf3 44. Bc7 Rc2 45. Bg3 Rg2 46. Bb8
Rxg4 47. Bc7 Rg1 48. h5 g5 49. Kh2 Rg4 50. Kh1 Rh4+ 51. Bh2 Rxh5 52. Kg1 g4 53.
Kh1 Rd5 54. Bg1 Rd1 55. Kh2 g3+ 56. Kh1 g2+ 57. Kh2 h6 0-1

[Event "V Corsicoscacchi"]
[Site "Corsico ITA"]
[Date "1992.10.??"]
[Round "4"]
[White "Quagliarella, Sabino Remo"]
[Black "Mascheroni, Maurizio"]
[WhiteElo "1868"]
[BlackElo "1830"]
[Result "1/2-1/2"]
[PlyCount "101"]
[EventDate "1992.10.10"]

1. e4 d6 2. d4 Nf6 3. Nc3 g6 4. Bg5 Bg7 5. Qd2 c6 6. Bh6 O-O 7. Bxg7 Kxg7 8.
Bd3 e5 9. d5 cxd5 10. exd5 Nbd7 11. Nge2 Nc5 12. Ng3 Nxd3+ 13. Qxd3 Re8 14. O-O
Bd7 15. a4 Rc8 16. Nce4 Nxe4 17. Nxe4 Bf5 18. Qe2 Bxe4 19. Qxe4 Qc7 20. c3 Qc4
21. Qxc4 Rxc4 22. f3 f5 23. Rfe1 Rec8 24. Ra3 Kf6 25. Rb3 R8c7 26. Ra1 R4c5 27.
Rd1 e4 28. Kf2 exf3 29. gxf3 b6 30. Rd4 g5 31. Rbb4 h5 32. c4 Re7 33. b3 f4 34.
Rd3 Kf5 35. Rb5 g4 36. Rc3 Rec7 37. Rxc5 bxc5 38. Rd3 a5 39. Rc3 Rg7 40. Rc1
g3+ 41. hxg3 fxg3+ 42. Kg2 h4 43. Re1 Rg6 44. Rh1 Kg5 45. Re1 Rf6 46. Re8 Rg6
47. Re4 Rf6 48. Rg4+ Kh5 49. Rg8 Rf7 50. Rh8+ Kg5 51. Rg8+ 1/2-1/2

[Event "V Corsicoscacchi"]
[Site "Corsico ITA"]
[Date "1992.10.??"]
[Round "5"]
[White "Cividali, Emilio"]
[Black "Castiglioni, Giancarlo"]
[WhiteElo "1800"]
[BlackElo "2067"]
[Result "1/2-1/2"]
[PlyCount "129"]
[EventDate "1992.10.10"]

1. d4 d5 2. c4 c6 3. Nf3 Nf6 4. Nc3 dxc4 5. a4 Bf5 6. e3 e6 7. Bxc4 Bb4 8. O-O
O-O 9. Qe2 Nbd7 10. Ne5 c5 11. Rd1 cxd4 12. Rxd4 Bxc3 13. bxc3 Qc7 14. Nxd7
Nxd7 15. e4 e5 16. Rd1 Bg6 17. Ba3 Nc5 18. Rd5 Nxe4 19. Bxf8 Kxf8 20. Qa2 Rc8
21. Qa3+ Kg8 22. Bb5 h6 23. a5 Nxc3 24. Rd7 Qc5 25. Qxc5 Rxc5 26. Bf1 Be4 27.
a6 bxa6 28. Rxa7 a5 29. R7xa5 Rxa5 30. Rxa5 f6 31. Rc5 Nb1 32. Rc8+ Kh7 33. Rd8
g5 34. g4 Nc3 35. Bd3 Bxd3 36. Rxd3 Ne2+ 37. Kf1 Nf4 38. Rd6 Kg6 39. f3 h5 40.
Kf2 h4 41. Ke3 Kf7 42. Ke4 Ng6 43. Ra6 Ne7 44. Kd3 Nd5 45. Kc4 Ne3+ 46. Kc5 Ke7
47. Ra3 Nf1 48. Ra2 Ke6 49. Re2 f5 50. Ra2 e4 51. gxf5+ Kxf5 52. Rf2 Nxh2 53.
fxe4+ Kxe4 54. Rxh2 Kf3 55. Kd4 Kg3 56. Ra2 h3 57. Ra3+ Kh4 58. Ke5 h2 59. Ra1
g4 60. Kf4 Kh3 61. Ra3+ Kg2 62. Kxg4 h1=Q 63. Ra2+ Kg1 64. Ra1+ Kg2 65. Rxh1
1/2-1/2

[Event "V Corsicoscacchi"]
[Site "Corsico ITA"]
[Date "1992.10.??"]
[Round "5"]
[White "De Francisci, Lorenzo"]
[Black "Troiani, Mauro"]
[WhiteElo "1764"]
[BlackElo "1830"]
[Result "1/2-1/2"]
[PlyCount "130"]
[EventDate "1992.10.10"]

1. e4 e5 2. Nf3 Nc6 3. Bc4 Bc5 4. d3 h6 5. Nc3 Nf6 6. Be3 Bb6 7. Bxb6 axb6 8.
d4 exd4 9. Nxd4 O-O 10. O-O d6 11. f4 Re8 12. Nxc6 bxc6 13. Qf3 b5 14. Bb3 b4
15. Na4 Rxe4 16. Rae1 Qe7 17. Rxe4 Qxe4 18. Qxe4 Nxe4 19. Re1 d5 20. c3 Rb8 21.
c4 Be6 22. f5 Bxf5 23. cxd5 Rd8 24. dxc6 Rd6 25. Bc2 Re6 26. b3 Nc3 27. Rxe6
Bxe6 28. Nxc3 bxc3 29. a4 Bd5 30. a5 Bxc6 31. a6 Kf8 32. Kf2 Ke7 33. b4 Kd6 34.
a7 Ba8 35. Ke3 c6 36. Kd4 Kc7 37. Kxc3 Kb6 38. Be4 Kxa7 39. Kd4 Kb6 40. Ke5 Kc7
41. h4 Bb7 42. g3 Bc8 43. Kd4 Kd6 44. Bd3 Be6 45. Be4 f6 46. Bf3 g5 47. h5 f5
48. Be2 Bd5 49. Bd3 Bf3 50. Bxf5 Bxh5 51. Ke4 Bd1 52. Bc8 Bc2+ 53. Kf3 Ke5 54.
Bb7 Kd6 55. Kg4 Bg6 56. Bc8 c5 57. bxc5+ Kxc5 58. Bf5 Bf7 59. Be4 Kd6 60. Kf5
Ke7 61. Bc6 Kf8 62. Kf6 Kg8 63. Be4 Be8 64. Bg6 Bc6 65. Bh5 Be4 1/2-1/2

[Event "V Corsicoscacchi"]
[Site "Corsico ITA"]
[Date "1992.10.??"]
[Round "5"]
[White "Giani, Franco"]
[Black "Lanzani, Giuliano"]
[WhiteElo "1848"]
[BlackElo "1770"]
[Result "0-1"]
[PlyCount "120"]
[EventDate "1992.10.10"]

1. e4 e5 2. d4 exd4 3. Bd3 Nc6 4. Nf3 Bb4+ 5. Bd2 Bxd2+ 6. Nbxd2 d6 7. O-O Nf6
8. h3 O-O 9. Nb3 Ne5 10. Nbxd4 Nxd3 11. Qxd3 d5 12. exd5 Qxd5 13. Rfe1 c5 14.
Re5 Qd6 15. Nb5 Qxd3 16. cxd3 b6 17. Rae1 Bd7 18. Nd6 Ne8 19. Nc4 Be6 20. R5e3
h6 21. b3 Nc7 22. d4 cxd4 23. Nxd4 Bxc4 24. bxc4 Rfe8 25. Nc6 Kf8 26. Kf1 Ne6
27. Ra3 Rec8 28. Ne5 f6 29. Nf3 Ng5 30. Nxg5 hxg5 31. Re4 Rc7 32. Ke2 Re8 33.
Rxe8+ Kxe8 34. Kd3 Kd7 35. Kd4 Kd6 36. g4 Kc6 37. Rb3 Rd7+ 38. Kc3 Rd1 39. Kb4
a5+ 40. Ka3 Kc5 41. Rb5+ Kxc4 42. Rxb6 Rd3+ 43. Ka4 Rxh3 44. Rb7 Rf3 45. Rc7+
Kd4 46. Rc2 Rf4 47. Kxa5 Rxg4 48. a4 Rg2 49. Kb6 g4 50. Rc7 Rxf2 51. Rxg7 f5
52. a5 Rb2+ 53. Kc6 Ra2 54. Kb6 Ke4 55. a6 Kf3 56. a7 g3 57. Rg5 Rxa7 58. Kxa7
f4 59. Kb6 Kg2 60. Kc5 f3 0-1

[Event "V Corsicoscacchi"]
[Site "Corsico ITA"]
[Date "1992.10.??"]
[Round "5"]
[White "Griffa, Roberto"]
[Black "Morando, Enrico"]
[WhiteElo "1857"]
[BlackElo "1800"]
[Result "1-0"]
[PlyCount "111"]
[EventDate "1992.10.10"]

1. d4 Nf6 2. c4 e6 3. Nc3 b6 4. e4 Bb7 5. Bd3 Bb4 6. Qc2 d6 7. Qa4+ Nc6 8. d5
exd5 9. exd5 Bxc3+ 10. bxc3 Qd7 11. Qc2 Ne5 12. Ne2 Ba6 13. Bf5 Qe7 14. Qa4+
Kf8 15. Qxa6 Re8 16. c5 Nxd5 17. O-O h5 18. cxd6 cxd6 19. Rd1 Nc7 20. Qb7 Ng4
21. Bxg4 hxg4 22. Bf4 Qxe2 23. Qxc7 d5 24. Qd6+ Kg8 25. Qxd5 g6 26. Qd2 Rh5 27.
Qxe2 Rxe2 28. Rd8+ Kg7 29. Be3 Ra5 30. Rd2 Rxd2 31. Bxd2 f5 32. g3 Rd5 33. Be3
Kf6 34. Re1 Ra5 35. Re2 Ra4 36. Bd4+ Kf7 37. Kg2 b5 38. Bc5 a6 39. a3 Rc4 40.
Bb4 Kf6 41. Re8 Kf7 42. Re5 Rc6 43. Rc5 Re6 44. a4 a5 45. Bxa5 bxa4 46. Bb4 Re1
47. Ra5 Ra1 48. Ra6 Ra2 49. c4 g5 50. c5 f4 51. gxf4 gxf4 52. c6 Rc2 53. Bd6
f3+ 54. Kg3 Rc4 55. c7 Ke8 56. Ra8+ 1-0

[Event "V Corsicoscacchi"]
[Site "Corsico ITA"]
[Date "1992.10.??"]
[Round "5"]
[White "Larghi, Riccardo"]
[Black "Rizzuti, Pasquale"]
[WhiteElo "1986"]
[BlackElo "1714"]
[Result "1-0"]
[PlyCount "81"]
[EventDate "1992.10.10"]

1. e4 c5 2. Nf3 e6 3. d4 cxd4 4. Nxd4 Nf6 5. Bd3 d6 6. Nc3 a6 7. Bg5 h6 8. Be3
Be7 9. f3 Nbd7 10. Qd2 Qc7 11. O-O-O Ne5 12. Kb1 Bd7 13. h3 Rb8 14. f4 Nxd3 15.
Qxd3 b5 16. g4 b4 17. Nce2 d5 18. e5 Ne4 19. f5 a5 20. fxe6 fxe6 21. Nf4 Qc8
22. Ng6 Rg8 23. Nxe7 Kxe7 24. Rhf1 Qc4 25. Rf4 Rgc8 26. Rdf1 Be8 27. Qd1 g5 28.
Rf8 Bg6 29. Rxc8 Rxc8 30. Rf3 a4 31. h4 b3 32. axb3 axb3 33. Nxb3 Qxb3 34.
Bxg5+ hxg5 35. Rxb3 Rxc2 36. Rb7+ Ke8 37. h5 Nd2+ 38. Ka2 Bd3 39. h6 Bc4+ 40.
Ka3 Ba6 41. Qxc2 1-0

[Event "V Corsicoscacchi"]
[Site "Corsico ITA"]
[Date "1992.10.??"]
[Round "5"]
[White "Luciani, Valerio"]
[Black "Quagliarella, Sabino Remo"]
[WhiteElo "1905"]
[BlackElo "1868"]
[Result "0-1"]
[PlyCount "76"]
[EventDate "1992.10.10"]

1. d4 d6 2. c4 g6 3. Nc3 Bg7 4. Nf3 c6 5. g3 Bg4 6. Bg2 Qc7 7. O-O Nd7 8. h3
Bxf3 9. Bxf3 Ngf6 10. e4 e5 11. d5 O-O 12. Be3 a6 13. Rc1 c5 14. g4 Rab8 15.
Ne2 b5 16. cxb5 axb5 17. Ng3 Qa5 18. h4 Nb6 19. Bg5 Qxa2 20. Qe2 Nc4 21. Rc2
Qb3 22. Bc1 Ra8 23. Kg2 Ra2 24. Rh1 Nb6 25. h5 c4 26. hxg6 fxg6 27. g5 Nfd7 28.
Bg4 Nc5 29. Nf5 gxf5 30. Bxf5 Rxf5 31. exf5 Qd3 32. f6 Qxe2 33. Rxe2 Bf8 34.
Re3 Nxd5 35. Reh3 h6 36. g6 Nxf6 37. Bxh6 Bxh6 38. Rxh6 Kg7 0-1

[Event "V Corsicoscacchi"]
[Site "Corsico ITA"]
[Date "1992.10.??"]
[Round "5"]
[White "Marelli, Mauro"]
[Black "Leoni, Fabrizio"]
[WhiteElo "1950"]
[BlackElo "1812"]
[Result "1/2-1/2"]
[PlyCount "54"]
[EventDate "1992.10.10"]

1. c4 e5 2. Nc3 Nf6 3. Nf3 Nc6 4. g3 g6 5. Bg2 Bg7 6. O-O d6 7. d4 O-O 8. Bg5
h6 9. Bxf6 Qxf6 10. d5 Nd8 11. Nd2 Qe7 12. e4 f5 13. b4 f4 14. f3 fxg3 15. hxg3
Qg5 16. Ne2 h5 17. Rf2 Bh6 18. Nf1 Qf6 19. Rb1 Nf7 20. Rb3 Ng5 21. Qe1 Bd7 22.
Nc3 Rf7 23. Nb1 Raf8 24. Nfd2 Nh3+ 25. Bxh3 Bxh3 26. Rh2 Bd7 27. Rc3 a6 1/2-1/2

[Event "V Corsicoscacchi"]
[Site "Corsico ITA"]
[Date "1992.10.??"]
[Round "5"]
[White "Mascheroni, Maurizio"]
[Black "Landais, Federico"]
[WhiteElo "1830"]
[BlackElo "1899"]
[Result "1/2-1/2"]
[PlyCount "45"]
[EventDate "1992.10.10"]

1. e4 c6 2. d4 d5 3. Nd2 dxe4 4. Nxe4 Bf5 5. Ng3 Bg6 6. Nf3 Nd7 7. h4 h6 8. Bd3
Bxd3 9. Qxd3 Qc7 10. O-O Ngf6 11. c4 e6 12. Re1 Be7 13. Ne2 O-O 14. Nc3 Rfd8
15. Qe2 Re8 16. Ne5 Rad8 17. Bf4 Qb6 18. Rad1 Bb4 19. a3 Bxc3 20. bxc3 Qa5 21.
Qb2 Nb6 22. Qb4 Qa4 23. Bh2 1/2-1/2

[Event "V Corsicoscacchi"]
[Site "Corsico ITA"]
[Date "1992.10.??"]
[Round "5"]
[White "Pace, Roberto"]
[Black "Poletto, Daniele"]
[WhiteElo "1830"]
[BlackElo "1863"]
[Result "1-0"]
[PlyCount "87"]
[EventDate "1992.10.10"]

1. e4 c5 2. Nf3 e6 3. d4 cxd4 4. Nxd4 a6 5. g3 d5 6. e5 Nc6 7. Nf3 Qc7 8. Qe2
Nge7 9. b3 g6 10. Bg2 Bg7 11. Bb2 O-O 12. Nbd2 b5 13. O-O Na5 14. Rac1 Bh6 15.
Ne1 Bb7 16. Nd3 Rfd8 17. Rfd1 Rac8 18. Qg4 Nf5 19. Qh3 Bf8 20. g4 Ng7 21. Nf3
Qe7 22. Qg3 Rc7 23. Re1 Rdc8 24. Re2 Ba8 25. Nd4 Nc6 26. h4 Nxd4 27. Bxd4 h5
28. Bf3 hxg4 29. Bxg4 Nf5 30. Bxf5 exf5 31. f4 Qe6 32. b4 Bxb4 33. Nxb4 Rc4 34.
Rh2 Rxb4 35. Qe3 Rcc4 36. c3 Qc6 37. Re1 Ra4 38. h5 Qe6 39. hxg6 Kf8 40. Rh8+
Ke7 41. Qf2 Qxg6+ 42. Kh2 Rxa2 43. Qxa2 Bc6 44. Qf2 1-0

[Event "V Corsicoscacchi"]
[Site "Corsico ITA"]
[Date "1992.10.??"]
[Round "5"]
[White "Silingardi, Pompeo"]
[Black "Castoldi, Bruno"]
[WhiteElo "1815"]
[BlackElo "1776"]
[Result "0-1"]
[PlyCount "115"]
[EventDate "1992.10.10"]

1. e4 e5 2. Nf3 Nf6 3. Nxe5 d6 4. Nf3 Nxe4 5. d4 d5 6. Bd3 Nc6 7. O-O Be7 8. c4
Nf6 9. Nc3 Bg4 10. Be3 O-O 11. Re1 Nb4 12. Be2 dxc4 13. a3 Nd3 14. Bxd3 cxd3
15. Qxd3 Bxf3 16. gxf3 c6 17. Kh1 Qd7 18. Rg1 Rfe8 19. Ne4 Rad8 20. Rad1 a6 21.
Bg5 Nd5 22. Be3 Qf5 23. Rg3 Nf4 24. Bxf4 Qxf4 25. Rdg1 g6 26. Qe3 Bd6 27. Qxf4
Bxf4 28. Rg4 f5 29. Rxf4 fxe4 30. fxe4 Rxd4 31. f3 Rd2 32. Rg2 Rd3 33. Re2 Kg7
34. e5 Rf8 35. Rxf8 Kxf8 36. Kg2 Ke7 37. Kg3 Ke6 38. Kf4 c5 39. Kg3 b5 40. Kf2
a5 41. f4 c4 42. Rc2 h6 43. Kg1 a4 44. Rg2 Kf5 45. Re2 Kxf4 46. e6 Rd8 47. e7
Re8 48. Kf2 Kf5 49. Kf3 Kf6 50. Kg4 Rxe7 51. Rd2 h5+ 52. Kf4 g5+ 53. Kf3 Kf5
54. Rd8 g4+ 55. Kg3 Re5 56. Rf8+ Ke4 57. h3 gxh3 58. Kxh3 0-1

[Event "V Corsicoscacchi"]
[Site "Corsico ITA"]
[Date "1992.10.??"]
[Round "6"]
[White "Castiglioni, Giancarlo"]
[Black "Gasperoni, Stefano"]
[WhiteElo "2067"]
[BlackElo "1875"]
[Result "1-0"]
[PlyCount "63"]
[EventDate "1992.10.10"]

1. c4 Nf6 2. Nc3 c5 3. Nf3 d5 4. cxd5 Nxd5 5. e4 Nb4 6. d3 N8c6 7. a3 Na6 8.
Be2 e5 9. O-O Be7 10. Nd5 O-O 11. Bd2 Nc7 12. Nxe7+ Qxe7 13. b4 cxb4 14. axb4
Nb5 15. Qa4 Nbd4 16. Nxd4 Nxd4 17. Bd1 Bd7 18. Qa3 Rfc8 19. Be3 Nb5 20. Qb2 a6
21. f4 Rc3 22. Bc5 Qf6 23. fxe5 Qxe5 24. Rb1 Re8 25. Bb3 Be6 26. Ba4 Rxc5 27.
bxc5 Qxc5+ 28. d4 Qg5 29. d5 Bd7 30. Qf2 Qg6 31. Bc2 Rc8 32. Rbc1 1-0

[Event "V Corsicoscacchi"]
[Site "Corsico ITA"]
[Date "1992.10.??"]
[Round "6"]
[White "Castoldi, Bruno"]
[Black "Astengo, Marcello"]
[WhiteElo "1776"]
[BlackElo "1923"]
[Result "0-1"]
[PlyCount "72"]
[EventDate "1992.10.10"]

1. e4 e6 2. d4 d5 3. Nc3 Bb4 4. e5 c5 5. a3 Bxc3+ 6. bxc3 Ne7 7. Nf3 Qa5 8. Bd2
Nbc6 9. a4 c4 10. Ng5 h6 11. Nh3 Bd7 12. Nf4 O-O-O 13. Nh5 Qc7 14. f4 Rhg8 15.
g3 Rdf8 16. Bh3 f6 17. O-O Nd8 18. Bc1 Qa5 19. Ba3 Ndc6 20. Qd2 fxe5 21. fxe5
Rxf1+ 22. Rxf1 Nf5 23. Bxf5 exf5 24. Ra1 Be8 25. Nf4 g5 26. Ne6 Qb6 27. Qe1 f4
28. Bd6 fxg3 29. hxg3 Qb2 30. a5 Qxc2 31. Nc5 Bh5 32. Rc1 Qf5 33. Ra1 Bf3 34.
Ra2 h5 35. Qf2 g4 36. e6 Qb1+ 0-1